Titres de films français d'une dimension parallèle #2 - Statistiques

Statistiques générales
  • Ce quiz a été pris 4 501 fois
  • Le résultat moyen est 8 sur 20
Statistiques - réponses
Films de la dimension parallèle Films de notre dimension % Correct
Omar Nau dans... Invalides Intouchables
87%
Gérard Troiparzeus dans... Amonbofis & Otis : Malheureux Crocodiles Astérix & Obélix : Mission Cléopâtre
86%
Dany Biloute dans... Bergues : Courrier lointainement conduit Bienvenue chez les Ch'tis
67%
Alain Chabapat dans... La Carioca dansons, lucide policier ! La Cité de la peur
62%
Louis du Fumet dans... L'Amérique du religieux juif ? Les Aventures de Rabbi Jacob
55%
La troupe du Sublim dans... Liaisons balnéaires Les Bronzés
54%
Gérard Junior dans... Loupiots chanteurs Les Choristes
54%
Benoît Poulevore dans... Ruben, apprenti douanier Rien à déclarer
41%
Jean Reynaud dans... Wakame Wasabi
30%
Lino Aventura dans... Le Truand Fernand Les Tontons flingueurs
29%
Yves Décendand dans... Les Fourberies du grippe-sou La Folie des grandeurs
28%
Par Justine Surlevolé: Assassinat dans un chalet Anatomie d'une chute
25%
Jean Gabon dans... Les Trafiquants de porc La Traversée de Paris
24%
Par et avec les Passélaibres: Latour: Testament fatidique Les Trois Frères
21%
Bourbon dans... Luxueuse Cadillac Le Corniaud
19%
Fairnendail dans... Lutte Prêtre Maire : Difficile Départ clérical Le Petit Monde de Don Camillo
18%
Catherine Devieille dans... Homicide féminin Huit Femmes
17%
Par Eduardo Moulinier: Le Cabaret à filles La Cage aux folles
17%
Par Jean Gyro: Ludovic, Gerber,...: de sacrés turlupins Le Gendarme de Saint-Tropez
15%
Didier Cafard dans... Parisien, déjà corse Permis de construire
8%
Aucun quiz correspondant
Distribution des résultats
% des personnes avec chaque résultat
Percentile par nombre de réponses
Votre historique - résultats
Vous n’avez pas pris ce quiz